Southville International School and Colleges
Your cart is empty.
  • Cart
  • Lists
    Public lists Eva Luna New books Lux_list list_1
    Your lists Log in to create your own lists
  • Log in to your account
  • Your cookies
  • Search history
Southville International School and Colleges
  • Advanced search
  • Recent comments
  • Most popular
  • Libraries

Log in to your account

Log in with GOOGLE


If you do not have an external account, but do have a local account, you can still log in:

  1. Home
  2. MARC view: Advetising :
Normal view MARC view ISBD view

Advetising : (Record no. 24332)

[ view plain ]
MARC details
000 -LEADER
fixed length control field 00641nam a2200229 a 4500
005 - DATE AND TIME OF LATEST TRANSACTION
control field 20140310183518.0
008 - FIXED-LENGTH DATA ELEMENTS--GENERAL INFORMATION
fixed length control field 110128s19uu xx 00 eng d
020 ## - INTERNATIONAL STANDARD BOOK NUMBER
International Standard Book Number 9789810697518
050 ## - LIBRARY OF CONGRESS CALL NUMBER
Classification number HF 5823
Item number .W45 2010
100 ## - MAIN ENTRY--PERSONAL NAME
Personal name Moriarty, Sandra.
245 ## - TITLE STATEMENT
Title Advetising :
Remainder of title principles & practice /
Statement of responsibility, etc Sandra Moriarty
250 ## - EDITION STATEMENT
Edition statement 8th
260 ## - PUBLICATION, DISTRIBUTION, ETC. (IMPRINT)
Place of publication, distribution, etc Singapore :
Name of publisher, distributor, etc Pearson Education International,
Date of publication, distribution, etc 2010.
300 ## - PHYSICAL DESCRIPTION
Extent 685 p. :
Dimensions 26 cm.
521 ## - TARGET AUDIENCE NOTE
Target audience note
650 ## - SUBJECT ADDED ENTRY--TOPICAL TERM
Topical term or geographic name as entry element Advertising
Form subdivision Principles and Practice.
700 ## - ADDED ENTRY--PERSONAL NAME
Personal name Nancy Mitchell
700 ## - ADDED ENTRY--PERSONAL NAME
Personal name Williams Wells
942 ## - ADDED ENTRY ELEMENTS (KOHA)
Koha item type Books
Source of classification or shelving scheme Library of Congress Classification
Call number prefix Foreign
Holdings
Withdrawn status Lost status Source of classification or shelving scheme Damaged status Home library Current library Shelving location Date acquired Source of acquisition Cost, normal purchase price Total Checkouts Full call number Barcode Date last seen Copy number Price effective from Koha item type Total Renewals Date checked out Sub Shelving location
    Library of Congress Classification   College Library College Library General Circulation Section 01/28/2011   685.00   HF 5823 .W45 2010 C11978 05/15/2018 1 10/18/2013 Books      
    Library of Congress Classification   College Library College Library General Circulation Section 11/12/2013   685.00 1 HF 5823 .W45 2010 C11977 07/12/2023 2 11/12/2013 Books 2 03/24/2023  
    Library of Congress Classification   Southville International School Affiliated with Foreign Universities Library Southville International School Affiliated with Foreign Universities Library Southville Foreign University Section 06/11/2020 Donation     HF 5823 .W45 2010 SFU0608 06/11/2020   06/11/2020 Books      

Advetising :

APA

Moriarty S., Nancy Mitchell & Williams Wells. (2010). Advetising. Singapore: Pearson Education International.

Chicago

Moriarty Sandra, Nancy Mitchell and Williams Wells. 2010. Advetising. Singapore: Pearson Education International.

Harvard

Moriarty S., Nancy Mitchell and Williams Wells. (2010). Advetising. Singapore: Pearson Education International.

MLA

Moriarty Sandra, Nancy Mitchell and Williams Wells. Advetising. Singapore: Pearson Education International. 2010.

  • Place hold
  • Print
  • Cite
  • Add to your cart (remove)
  • Save record
    BIBTEX Dublin Core MARCXML MARC (non-Unicode/MARC-8) MARC (Unicode/UTF-8) MARC (Unicode/UTF-8, Standard) MODS (XML) RIS
  • More searches
    Search for this title in:
    Other Libraries (WorldCat) Other Databases (Google Scholar) Online Stores (Bookfinder.com) Open Library (openlibrary.org)

Exporting to Dublin Core...

SOUTHVILLE LIBRARY

Southville International School and Colleges Library

1281 Tropical Ave. Cor. Luxembourg St., BF Homes International, Las Pinas City

Tel. No. 8256374 / 252358 Loc. 117/146

Powered by Koha